| 000 | 00473nam a22001817a 4500 | ||
|---|---|---|---|
| 999 |
_c2950 _d2907 |
||
| 008 | 180913b xxu||||| |||| 00| | tur d | ||
| 020 | _a9789752897281 | ||
| 041 | _atur | ||
| 050 | _aPL248.A757 | ||
| 100 |
_aAtasü, Erendiz _9942 |
||
| 245 | _aHayatın En Mutlu Anı | ||
| 250 | _a1. Baskı | ||
| 260 |
_aİstanbul _bEverest Yayınları _cMayıs 2010 |
||
| 300 | _a138 Sayfa | ||
| 500 | _aTürkçe Edebiyat: 260 | ||
| 650 | 0 |
_9145 _aTürk Edebiyatı |
|
| 942 |
_2lcc _cBK |
||